000 00714nam a2200241 a 4500
001 48256
003 BD-RjUL
005 20211209054504.0
008 160813s1965 enk 001 0 eng
035 _a(BD-RjUL)48375
040 _aDLC
_cNcBoA
_dUk
_dDLC
_dBD-RjUL
_beng
041 _aeng
082 _a361.942
_223
_bPAL 1965
100 1 0 _aParker, Julia
_q(Julia R.)
_9146131
245 1 0 _aLocal health and welfare services /
_cby Julia Parker.
260 _aLondon :
_bG. Allen and Unwin,
_cc1965
300 _a188 p. ;
_c23 cm.
490 0 _aThe New town and country hall series [9]
500 _aInclude index
650 0 _aPublic welfare
_zGreat Britain.
_9146132
942 _2ddc
_cBK
999 _c48256
_d48256